| 000 | 00934nam0a22002411i 4500 | ||
|---|---|---|---|
| 001 | rc\3352170 | ||
| 005 | 20260407070220.0 | ||
| 021 |
_aRU _b[70-24858а] |
||
| 035 | _a(NLR Aleph) 007436910 | ||
| 090 |
_a7074659 _c7074659 |
||
| 100 | _a20130115d1970 |||y0rusy50 ca | ||
| 101 | 0 | _arus | |
| 102 | _aRU | ||
| 105 | _ay d ||||| | ||
| 200 | 1 |
_aЛирика Тукая _e(Вопросы метода и жанра) _eАвтореф. дис. на соискание учен. степени канд. филол. наук _e(10.642) _fКазан. гос. ун-т им. В.И. Ульянова-Ленина |
|
| 210 |
_aКазань _d1970 |
||
| 215 | _a19 с. | ||
| 700 | 1 |
_aЛаисов _bН.Х. _gНайп Хабибназарович |
|
| 702 | 1 |
_4570 _7ca _8rus _aТукай _bГ. _f1886-1913 _gГабдулла _9130880 _3RU\NLR\auth-onl\77825 |
|
| 801 | 0 |
_aRU _bNLR _gpsbo |
|
| 801 | 1 |
_aRU _bELAR _2rusmarc |
|
| 852 |
_aNLR _j71-6/631 |
||
| 942 | _cBOOK | ||